| 000 | 00410nam a22001457a 4500 | ||
|---|---|---|---|
| 020 | _a0849333482 | ||
| 082 |
_a551.49015118 _bKRE/HY |
||
| 100 |
_aKresic, Neven _9227 |
||
| 245 | _aHydrology and Groundwater Modeling | ||
| 250 | _a2 | ||
| 260 |
_aNew York _bCRC Press _c2007 |
||
| 300 | _a807 | ||
| 650 |
_aHydrology _aHydrology-mathemetical model _aGroundwater flow - mathemetical model _9893 |
||
| 942 | _cREF | ||
| 999 |
_c14183 _d14183 |
||